| 000 | 01688nam a2200409Ia 4500 | ||
|---|---|---|---|
| 001 | dia_5679 | ||
| 003 | CHAP | ||
| 005 | 20240219113216.0 | ||
| 007 | ta | ||
| 008 | 220117s2000 mx deo fr 001 0 spa d | ||
| 040 |
_cCHAP _amxchpua |
||
| 090 |
_aT.C.288 _bM37 ETIPA _c2000 |
||
| 245 | 1 | 0 |
_aEmpacadora de manzanas Paquimé, S. P. R. de R. L., Nuevo Casas Grandes, Chihuahua / _ccoordinador Rubén Marchand Ortega ; colaborador Ruth Carrazco Vargas...[et al.] |
| 260 |
_aMéxico : _bEl autor, _c2000 |
||
| 300 |
_acerca 50 hojas : _bgráficas, diagramas, tablas, fotos |
||
| 336 |
_2rdacontent _atexto _btxt |
||
| 337 |
_2rdamedia _asin medio _bn |
||
| 338 |
_2rdacarrier _avolumen _bnc |
||
| 502 |
_aViaje de Estudios _b(ETIPA) -- _cUACh. Departamento de Ingeniería Agroindustrial, _d2000 |
||
| 504 | _aBibliografía: hoja 34 | ||
| 505 | _a5 planos -- 1. Plano de distribución de áreas (Esc. 1:500) -- 2. Distribución de equipo (Esc. 1:100) -- 3. Diagrama de refigeración -- 4. Corte de cámara H (Esc. 1:100) -- 5. Diagrama de balance de materia | ||
| 650 | 1 | 3 |
_aEnvasado de alimentos _9147758 |
| 650 | 1 | 3 |
_aManzana _xEnvase _9159237 |
| 650 | 1 | 3 |
_aPlantas empacadoras _9159239 _zMéxico _zChihuahua |
| 650 | 1 | 3 |
_aApples _9155098 |
| 650 | 1 | 3 |
_aFood packing _9148074 |
| 650 | 1 | 3 |
_aPacking houses _9159238 _zMexico _zChihuahua |
| 700 | 1 |
_aCarrazco Vargas, Ruth Elver _919366 _ecolaborador |
|
| 700 | 1 |
_aMarchand Ortega, Rubén _9148337 _ecoordinador |
|
| 901 | _aT.C.288 M37 ETIPA 2000 | ||
| 902 | _aM | ||
| 905 | _a5332272000 mx ednm8223123322spa16 | ||
| 942 | _2local | ||
| 942 | _cVE | ||
| 999 |
_c176636 _d176636 |
||